| 000 | 00763nam a22001817a 4500 | ||
|---|---|---|---|
| 005 | 20180731114755.0 | ||
| 010 | _aB-701139 | ||
| 020 |
_a9781107695641 _c475.00 |
||
| 035 | _aB-701139 | ||
| 037 |
_bRK Books _adpl |
||
| 082 | _a488.24076 | ||
| 245 |
_aCambridge IELTS 8: _bexamination papers from the university of Cambridge ESOL examinations / |
||
| 260 |
_aNew Delhi _bCambridge University Press _c2016 |
||
| 270 |
_aCambridge House,4381/4,Ansari Road,Daryaganj, _bNew Delhi _e110002 |
||
| 300 |
_a176p _c24cm(pbk) _e+CD-Rom _bill |
||
| 942 |
_2ddc _cEN _mCAM _h488.24076 |
||
| 999 |
_c155184 _d155184 |
||